LEADER 01393nam1-2200385---450- 001 990002823190203316 005 20100616162256.0 010 $a88-13-26447-X 035 $a000282319 035 $aUSA01000282319 035 $a(ALEPH)000282319USA01 035 $a000282319 100 $a20061005d2005----km-y0itay50------ba 101 0 $aita 102 $aIT 105 $ay|||z|||001yy 200 1 $a<> diritto penale dei minori$eevoluzione e rischi di involuzione$fSilvia Larizza 210 $aPadova$cCEDAM$d2005 215 $aXXII, 525 p.$d24 cm 225 2 $aPubblicazioni della Università di Pavia$iStudi nelle scienze giuridiche e sociali$hN. S.$v114 410 0$12001$aStudi nelle scienze giuridiche e sociali$Pubblicazioni della Università di Pavia$h.N.S.$iStudi nelle scienze giuridiche e sociali$v114 606 0 $aGiustizia penale minorile 676 $a345.45087 700 1$aLARIZZA,$bSilvia$0229438 801 0$aIT$bsalbc$gISBD 912 $a990002823190203316 951 $aXXX.A. Coll. 117/ 95 (X 26 XVIII 114)$b51286 G.$cXXX.A. Coll. 117/ 95 (X 26)$d00118970 959 $aBK 969 $aGIU 979 $aPATRY$b90$c20061005$lUSA01$h1310 979 $aANNAMARIA$b90$c20061010$lUSA01$h1158 979 $aCHIARA$b90$c20100226$lUSA01$h0938 979 $aRSIAV4$b90$c20100616$lUSA01$h1622 996 $aDiritto penale dei minori$9713551 997 $aUNISA LEADER 01138nam a2200325 i 4500 001 991000755549707536 005 20020507173154.0 008 940303s1987 enk ||| | eng d 020 $a0521333393 035 $ab10752833-39ule_inst 035 $aLE01301847$9ExL 040 $aDip.to Matematica$beng 082 0 $a516.13 084 $aAMS 51D 084 $aAMS 51D20 084 $aQA166.6.C66 100 1 $aWhite, Neil$027866 245 10$aCombinatorial geometries /$cedited by Neil White 260 $aCambridge [Cambridgeshire] ; New York :$bCambridge University Press,$c1987 300 $axii, 212 p. :$bill. ;$c25 cm. 490 0 $aEncyclopedia of mathematics and its applications ;$v29 500 $aIncludes bibliographies and index. 650 0$aCombinatorial geometry 650 0$aMatroids 907 $a.b10752833$b23-02-17$c28-06-02 912 $a991000755549707536 945 $aLE013 51D WHI11 (1987)$g1$i2013000130576$lle013$o-$pE0.00$q-$rl$s- $t0$u13$v0$w13$x0$y.i1084644x$z28-06-02 996 $aCombinatorial geometries$979085 997 $aUNISALENTO 998 $ale013$b01-01-94$cm$da $e-$feng$genk$h0$i1